NCAA DIII College Hockey Teams on a Map - Statistics

General Stats
  • This quiz has been taken 36 times
  • The average score is 22 of 90
Answers on the Map
Answers color-coded by a green-red scale on the quiz's map according to % correct below.
 
Answer Stats
Answer % Correct
UW-Eau Claire
54%
UW-Stout
54%
Colby
42%
Middlebury
42%
St. Olaf
42%
Utica
42%
UW-River Falls
42%
UW-Superior
42%
Connecticut College
38%
Hobart
38%
St. Scholastica
38%
UW-Stevens Point
38%
Amherst
35%
Bethel
35%
Bowdoin
35%
Concordia (Minnesota)
35%
Concordia (Wisconsin)
35%
Roger Williams
35%
Southern Maine
35%
St. John's
35%
SUNY-Brockport
35%
SUNY-Cortland
35%
SUNY-Oswego
35%
Wesleyan
35%
Augsburg
31%
Beloit
31%
Hamline
31%
New England
31%
SUNY-Buffalo State
31%
SUNY-Plattsburgh
31%
Trinity
31%
Tufts
31%
Adrian
27%
Gustavus Adolphus
27%
Hamilton
27%
St. Norbert
27%
VTSU-Castleton
27%
Western Connecticut St.
27%
Western New England
27%
Williams
27%
Dubuque
23%
Fitchburg State
23%
Lake Forest
23%
Lebanon Valley
23%
Norwich
23%
Plymouth State
23%
Salve Regina
23%
St. Mary's
23%
Suffolk
23%
SUNY-Geneseo
23%
SUNY-Potsdam
23%
Trine
23%
Curry
19%
Elmira
19%
Framingham State
19%
Keene State
19%
Lawrence
19%
Milwaukee School of Engineering
19%
Salem State
19%
St. John Fisher
19%
SUNY-Fredonia
19%
UMass-Dartmouth
19%
Worcester State
19%
Arcadia
15%
Aurora
15%
Babson
15%
Chatham
15%
Endicott
15%
Hiram
15%
Johnson And Wales
15%
Manhattanville
15%
Marian
15%
Nazareth
15%
Rivier
15%
Skidmore
15%
Stevenson
15%
SUNY-Canton
15%
Wilkes
15%
Albertus Magnus
12%
Alvernia
12%
King's
12%
Massachusetts College of Liberal Arts
12%
Neumann
12%
New England College
12%
SUNY-Morrisville
12%
Wentworth
12%
Westfield State
12%
Anna Maria
8%
Misericordia
8%
Nichols
8%
No matching quizzes found
Score Distribution
Percent of People with Each Score
Percentile by Number Answered
Your Score History
You have not taken this quiz